[Event "Mechanics' Alan Benson TNM; G/2"]
[Site "San Francisco"]
[Date "2016.09.13"]
[Round "7.35"]
[White "Cunningham, Charles"]
[Black "Erdenebileg, Enkhj"]
[Result "1/2-1/2"]
[WhiteElo "1524"]
[BlackElo "1160"]
[PlyCount "32"]
[EventDate "2016.??.??"]

1. e4 e5 2. Nf3 Nc6 3. Bb5 a6 4. Bxc6 dxc6 5. Nc3 Bd6 6. d3 Bg4 7. h3 Bh5 8. a3
h6 9. Be3 Nf6 10. g4 Bg6 11. Qd2 Qd7 12. O-O-O b5 13. Nh4 Bh7 14. Nf3 Bg6 15.
Nh4 Bh7 16. Nf3 Bg6 1/2-1/2

[Event "Mechanics' Fall TNM; G/2"]
[Site "San Francisco"]
[Date "2016.10.18"]
[Round "1.16"]
[White "Cunningham, Charles"]
[Black "Gray, William"]
[Result "0-1"]
[WhiteElo "1524"]
[BlackElo "2022"]
[PlyCount "34"]
[EventDate "2016.??.??"]

1. e4 c5 2. Nc3 Nc6 3. a3 g6 4. Nf3 Bg7 5. Bb5 Nd4 6. Ba4 e6 7. d3 Ne7 8. O-O
Nec6 9. Bxc6 Nxc6 10. Bg5 Qa5 11. Bd2 d6 12. h3 Bd7 13. Rb1 Rc8 14. Re1 a6 15.
Ne2 Qc7 16. Bc3 e5 17. Bd2 O-O {Black later won. Remaining moves unavailable.}
0-1

[Event "Mechanics' Spring TNM; G/2"]
[Site "San Francisco"]
[Date "2016.05.03"]
[Round "8.20"]
[White "Cunningham, Charles"]
[Black "Kim, Isaiah Taeshi"]
[Result "1/2-1/2"]
[WhiteElo "1416"]
[BlackElo "1837"]
[PlyCount "40"]
[EventDate "2016.??.??"]

1. e4 c6 2. d4 d5 3. e5 Bf5 4. Nc3 e6 5. a3 Ne7 6. Bg5 Nd7 7. Nf3 f6 8. exf6
gxf6 9. Bh4 Bg7 10. Bg3 O-O 11. Bd3 e5 12. dxe5 fxe5 13. Ng5 e4 14. Ncxe4 dxe4
15. Bc4+ Kh8 16. Nf7+ Rxf7 17. Bxf7 Qf8 18. Bb3 Bxb2 19. O-O Bxa1 20. Qxa1+ Nf6
{Chances are approximately equal and the game eventually ended in a draw.
Remaining moves unavailable.} 1/2-1/2

[Event "Mechanics' Alan Benson TNM; G/2"]
[Site "San Francisco"]
[Date "2016.08.02"]
[Round "1.13"]
[White "Cunningham, Charles"]
[Black "Klinetobe, David"]
[Result "0-1"]
[WhiteElo "1524"]
[BlackElo "2001"]
[PlyCount "98"]
[EventDate "2016.??.??"]

1. e4 e6 2. d4 d5 3. e5 c5 4. c3 Nc6 5. Nf3 Nh6 6. Bxh6 gxh6 7. Bb5 Qb6 8.
Bxc6+ bxc6 9. Qc2 Ba6 10. Nbd2 Rb8 11. b3 cxd4 12. cxd4 c5 13. Qc3 cxd4 14.
Nxd4 Bc5 15. Rc1 Bxd4 16. Qc6+ Qxc6 17. Rxc6 Bb7 18. Rc2 Bxe5 19. O-O Rc8 20.
Rxc8+ Bxc8 21. Rc1 Kd7 22. Nf3 Bf6 23. g3 Bb7 24. a4 Rc8 25. Rb1 Rc3 26. Nd2
Rd3 27. Nf1 d4 28. h4 Bd5 29. b4 Rb3 30. Rc1 Rxb4 31. a5 Rb5 32. Ra1 Bd8 33. a6
Ra5 34. Rd1 Bb6 35. Nh2 h5 36. g4 hxg4 37. Nxg4 Ke7 38. Ne5 Rxa6 39. f4 Ra2 40.
Nd3 Rg2+ 41. Kf1 Rh2 42. f5 Rh1+ 43. Ke2 Bf3+ 44. Kxf3 Rxd1 45. Ke2 Rxd3 46.
Kxd3 e5 47. h5 Kf6 48. Ke4 h6 49. Kd5 d3 0-1

[Event "Mechanics' Summer TNM; G/2"]
[Site "San Francisco"]
[Date "2016.07.05"]
[Round "7.27"]
[White "Cunningham, Charles"]
[Black "Petty, Samuel J"]
[Result "1-0"]
[WhiteElo "1416"]
[BlackElo "1718"]
[PlyCount "95"]
[EventDate "2016.??.??"]

1. e4 d6 2. Bc4 Nf6 3. d3 g6 4. h3 Bg7 5. Nf3 O-O 6. O-O c5 7. Nc3 a6 8. Bg5 b5
9. Bd5 Nxd5 10. Nxd5 Re8 11. c3 Bb7 12. Qb3 Nd7 13. d4 Nb6 14. Nxb6 Qxb6 15.
dxc5 dxc5 16. Qc2 f6 17. Be3 Qc6 18. Nd2 e5 19. f3 c4 20. b4 Red8 21. a4 Rd3
22. axb5 axb5 23. Rxa8+ Bxa8 24. Bc5 Qd7 25. Ra1 Bc6 26. Nf1 Bf8 27. Bxf8 Kxf8
28. Qc1 Kg7 29. Qe1 Qe6 30. Ra6 Rd6 31. Qe3 Be8 32. Ra7+ Rd7 33. Ra8 Rd3 34.
Qa7+ Qf7 35. Qa1 f5 36. exf5 gxf5 37. Qe1 Qe6 38. Ra7+ Kh8 39. Ra1 e4 40. fxe4
fxe4 41. Qf2 e3 42. Qf8+ Qg8 43. Qe7 Qf7 44. Qe5+ Kg8 45. Nxe3 Bc6 46. Rf1 Qg6
47. Qf4 Qe8 48. Ng4 1-0

[Event "Mechanics' Alan Benson TNM; G/2"]
[Site "San Francisco"]
[Date "2016.08.16"]
[Round "3.24"]
[White "Cunningham, Charles"]
[Black "Yang, Eric"]
[Result "0-1"]
[WhiteElo "1524"]
[BlackElo "1851"]
[PlyCount "80"]
[EventDate "2016.??.??"]

1. e4 e5 2. Nf3 Nc6 3. Bb5 Nf6 4. Bxc6 dxc6 5. d3 Bd6 6. h3 h6 7. a3 c5 8. Be3
O-O 9. Nc3 Re8 10. Qd2 Bf8 11. g4 Nh7 12. O-O-O c6 13. g5 h5 14. g6 fxg6 15.
Rdg1 Qf6 16. Ng5 Bd6 17. Rg3 Nxg5 18. Bxg5 Qf7 19. Rhg1 Bd7 20. f3 Re6 21. Qg2
Rf8 22. h4 Be8 23. Nd1 Be7 24. Bxe7 Qxe7 25. Ne3 Qxh4 26. Nf5 Qf6 27. Qh3 gxf5
28. Rxg7+ Qxg7 29. Rxg7+ Kxg7 30. exf5 Ref6 31. Qh4 Kh6 32. Qe4 Rxf5 33. Qe3+
Rg5 34. Qxc5 Rxf3 35. Qd6+ Bg6 36. Qb8 h4 37. Qh8+ Bh7 38. Qe8 h3 39. Qe6+ Bg6
40. Qc4 h2 0-1

[Event "Mechanics' Alan Benson TNM; G/2"]
[Site "San Francisco"]
[Date "2016.09.13"]
[Round "7.40"]
[White "Delaney, Mai'saan"]
[Black "Frank, Robert H"]
[Result "1-0"]
[WhiteElo "1235"]
[BlackElo "1293"]
[PlyCount "67"]
[EventDate "2016.??.??"]

1. Nf3 Nf6 2. g3 d5 3. Bg2 g6 4. O-O Bg7 5. d3 O-O 6. Nbd2 Nc6 7. a3 a5 8. c4
dxc4 9. Nxc4 b5 10. Nfe5 Ra6 11. Nxc6 Rxc6 12. Bxc6 bxc4 13. dxc4 Bd7 14. Bxd7
Qxd7 15. Qxd7 Nxd7 16. Rb1 a4 17. b3 axb3 18. Rxb3 Ra8 19. f4 Ra4 20. Rb4 Ra6
21. Rf3 f5 22. Bb2 e5 23. fxe5 Nxe5 24. Bxe5 Bxe5 25. Rb5 Re6 26. a4 c6 27. Rb7
Bd6 28. a5 Rxe2 29. a6 Ra2 30. a7 Bc5+ 31. Kf1 Bxa7 32. Rd3 Bc5 33. Rd8+ Bf8
34. Rbb8 1-0

[Event "Mechanics' Winter TNM; G/2"]
[Site "San Francisco"]
[Date "2016.01.19"]
[Round "3.42"]
[White "Donaldson, John"]
[Black "Paquette, James"]
[Result "1-0"]
[WhiteElo "2410"]
[BlackElo "1676"]
[Annotator "Donaldson"]
[PlyCount "41"]
[EventDate "2016.??.??"]

1. Nf3 g6 2. e4 Bg7 3. d4 c5 4. c4 Qa5+ 5. Nc3 cxd4 $6 6. Nxd4 Nc6 7. Be3 Nf6
8. Nb3 Qc7 9. Be2 O-O 10. O-O d6 11. Rc1 e6 12. f3 (12. Nb5 $1 Qe7 13. Qxd6
Nxe4 14. Qxe7 Nxe7 15. Bf3 Nf6 16. Nc7) 12... Rd8 13. Qd2 Ne5 $6 14. Nb5 Qe7
15. Rfd1 a6 16. Nxd6 Ne8 17. Nf5 Qd7 18. Qa5 (18. Ne7+ Kf8 (18... Kh8 19. Qa5)
19. Bc5) 18... Nxc4 19. Qxd8 Qxd8 20. Rxd8 exf5 21. Rxe8+ 1-0

[Event "Mechanics' Winter TNM; G/2"]
[Site "San Francisco"]
[Date "2016.01.12"]
[Round "2"]
[White "Donaldson, John"]
[Black "Porlares, Teodoro"]
[Result "1-0"]
[WhiteElo "2410"]
[BlackElo "1892"]
[Annotator "Donaldson"]
[PlyCount "41"]
[EventDate "2016.??.??"]

1. Nf3 Nf6 2. c4 c5 3. Nc3 g6 4. d4 b6 $6 5. e4 d6 6. Be2 Bg7 7. O-O O-O 8. d5
Bd7 $2 (8... Bg4) 9. Re1 Na6 10. Bg5 (10. e5 Ng4 11. exd6 exd6 12. Bf4 $16)
10... Nc7 11. e5 dxe5 12. Nxe5 h6 13. Bf4 a6 14. Qd2 Kh7 15. Bf3 Ra7 16. Rad1
Nce8 17. Nc6 $18 Bxc6 18. dxc6 Qc8 19. Na4 Ng8 20. Nxb6 Qf5 21. Bb8 1-0

[Event "Mechanics' Fall TNM; G/2"]
[Site "San Francisco"]
[Date "2016.12.06"]
[Round "8.36"]
[White "Donaldson, Kyle Ga"]
[Black "Baterdene, Jonathan"]
[Result "1-0"]
[WhiteElo "1453"]
[BlackElo "970"]
[PlyCount "51"]
[EventDate "2016.??.??"]

1. e4 e5 2. Nf3 Nc6 3. d4 exd4 4. Bc4 Bb4+ 5. c3 dxc3 6. O-O c2 7. Qxc2 d6 8.
Qb3 Qe7 9. Ng5 d5 10. Bxd5 Ne5 11. Bf4 c6 12. Bxe5 cxd5 13. Bxg7 Qxg5 14. Bxh8
Bh3 15. Qxh3 f6 16. Qe6+ Kf8 17. Qxd5 Qxd5 18. exd5 Kf7 19. Nc3 Ne7 20. Bxf6
Kxf6 21. Rad1 Bd6 22. Rfe1 Nf5 23. Ne4+ Kg6 24. Nxd6 Nxd6 25. Re6+ Kg7 26. Rxd6
1-0

[Event "Mechanics' Alan Benson TNM; G/2"]
[Site "San Francisco"]
[Date "2016.09.27"]
[Round "9.33"]
[White "Donaldson, Kyle Ga"]
[Black "Bayaraa, Bilguun"]
[Result "1/2-1/2"]
[WhiteElo "1453"]
[BlackElo "796"]
[PlyCount "59"]
[EventDate "2016.??.??"]

1. e4 c5 2. Nf3 d6 3. d4 cxd4 4. Nxd4 a6 5. Nc3 e5 6. Nf3 Nf6 7. Bd3 Be7 8. O-O
O-O 9. a4 Nbd7 10. b3 Nc5 11. Be3 Nxd3 12. cxd3 d5 13. Nxd5 Nxd5 14. exd5 Qxd5
15. Rc1 Bg4 16. h3 Bxf3 17. Qxf3 Qxb3 18. Rb1 Qxa4 19. Rxb7 Qh4 20. Rc1 Bg5 21.
Rxf7 Bxe3 22. fxe3 Qg5 23. Rf1 Rfd8 24. d4 a5 25. Rf5 Qh6 26. Rxe5 a4 27. Qf7+
Kh8 28. Kh1 Qd6 29. Re7 Rg8 30. Rd7 $14 {Remaining moves unavailable.} 1/2-1/2

[Event "Mechanics' Spring TNM; G/2"]
[Site "San Francisco"]
[Date "2016.05.03"]
[Round "8.41"]
[White "Donaldson, Kyle Ga"]
[Black "Bayaraa, Bilguun"]
[Result "1-0"]
[WhiteElo "1434"]
[BlackElo "634"]
[PlyCount "41"]
[EventDate "2016.??.??"]

1. e4 e5 2. Nf3 Nc6 3. d4 d6 4. dxe5 Nxe5 5. Nxe5 dxe5 6. Qxd8+ Kxd8 7. Bc4 Be6
8. Bxe6 fxe6 9. Nc3 Nf6 10. Bg5 Bc5 11. O-O-O+ Ke8 12. Rd2 Bd4 13. Nb5 Kf7 14.
Bxf6 gxf6 15. Nxd4 exd4 16. Rxd4 Rhd8 17. Rhd1 Rxd4 18. Rxd4 e5 19. Rd7+ Ke8
20. Rxh7 a5 21. Rh8+ 1-0

[Event "Mechanics' Spring TNM; G/2"]
[Site "San Francisco"]
[Date "2016.03.22"]
[Round "2.31"]
[White "Donaldson, Kyle Ga"]
[Black "Bekhtur, Bayaraa"]
[Result "0-1"]
[WhiteElo "1434"]
[BlackElo "1896"]
[PlyCount "58"]
[EventDate "2016.??.??"]

1. e4 c5 2. Nf3 d6 3. d4 cxd4 4. Nxd4 Nf6 5. Nc3 a6 6. Be2 b5 7. a3 e5 8. Nf3
Be6 9. O-O Be7 10. Ng5 O-O 11. Nxe6 fxe6 12. Be3 d5 13. exd5 exd5 14. Nxd5 Qxd5
15. Qxd5+ Nxd5 16. Bd2 Nf6 17. Rae1 e4 18. b4 Nbd7 19. f3 Bd6 20. f4 Rac8 21.
Rc1 Nb6 22. c3 Nc4 23. Bxc4+ Rxc4 24. g3 Bc7 25. Be3 Nd5 26. Bd4 Bb6 27. Bxb6
Nxb6 28. Rfd1 Na4 29. Re1 Nxc3 0-1

[Event "Mechanics' Winter TNM; G/2"]
[Site "San Francisco"]
[Date "2016.02.23"]
[Round "8.35"]
[White "Donaldson, Kyle Ga"]
[Black "Casares Jr, Nick"]
[Result "1-0"]
[WhiteElo "1479"]
[BlackElo "1604"]
[PlyCount "23"]
[EventDate "2016.??.??"]

1. e4 e5 2. Nf3 Nc6 3. d4 exd4 4. Nxd4 Bc5 5. Be3 Bxd4 6. Bxd4 Nxd4 7. Qxd4 Nf6
8. e5 Qe7 9. Nc3 d5 10. O-O-O Ne4 11. Nxd5 Qd8 12. Nf6+ 1-0

[Event "Mechanics' Fall TNM; G/2"]
[Site "San Francisco"]
[Date "2016.10.25"]
[Round "2.17"]
[White "Donaldson, Kyle Ga"]
[Black "Krasnov, Steven Le"]
[Result "0-1"]
[WhiteElo "1453"]
[BlackElo "1977"]
[PlyCount "62"]
[EventDate "2016.??.??"]

1. d4 Nf6 2. c4 e6 3. Nc3 b6 4. Nf3 Bb7 5. e3 Be7 6. Be2 d6 7. O-O Nbd7 8. Bd2
O-O 9. Qc2 c5 10. Rad1 Rc8 11. b3 Qc7 12. Nb5 Qb8 13. Qb1 Ne4 14. Bd3 f5 15.
Nc3 Ndf6 16. h3 Qa8 17. Bc1 $4 Nxc3 18. Qc2 Nxd1 19. Qxd1 Bxf3 20. gxf3 Nh5 21.
f4 g6 22. Kh2 Bh4 23. Qe2 Rc7 24. Rg1 Rg7 25. dxc5 bxc5 26. Bb2 Bf6 27. Bc1 e5
28. e4 fxe4 29. Bxe4 Qd8 30. Bd5+ Kh8 31. Qg4 Nxf4 0-1

[Event "Mechanics' Winter TNM; G/2"]
[Site "San Francisco"]
[Date "2016.02.09"]
[Round "6.40"]
[White "Donaldson, Kyle Ga"]
[Black "Malykin, Erika"]
[Result "0-1"]
[WhiteElo "1479"]
[BlackElo "1596"]
[Annotator "Donaldson"]
[PlyCount "94"]
[EventDate "2016.??.??"]

1. e4 e6 2. d4 c5 3. c3 Nf6 4. e5 Nd5 5. Nf3 cxd4 6. cxd4 Nc6 7. Bc4 Bb4+ 8.
Bd2 Bxd2+ 9. Qxd2 Nb6 10. Bb3 d5 11. Nc3 a6 12. O-O Na5 13. Bc2 Nbc4 14. Qc1
Bd7 15. b3 Nb6 16. Qa3 Nc6 17. Rad1 Rc8 18. b4 Qe7 19. Rb1 Nc4 20. Qb3 Na7 21.
Ne1 Nd2 22. Qb2 Nxf1 23. Kxf1 Bb5+ 24. Kg1 O-O 25. a4 Bc4 26. f4 Qc7 27. Nd1
Be2 28. Bxh7+ Kxh7 29. Qxe2 g6 30. Nf3 Nc6 31. Ne3 f6 32. Ng4 fxe5 33. fxe5
Nxd4 $2 34. Qe3 $2 (34. Nxd4 Qc1+ 35. Qd1 $18) 34... Nxf3+ 35. gxf3 Qg7 36. Qg5
Rf5 37. Nf6+ Kh8 38. Qh4+ Rh5 39. Qg4 Rxe5 40. Qh3+ Rh5 41. Nxh5 gxh5+ 42. Kh1
Qg6 43. Rg1 Qf7 44. Rg5 Rc1+ 45. Kg2 Rc2+ 46. Kg3 Qc7+ 47. Kh4 Rxh2 0-1

[Event "Mechanics' Fall TNM; G/2"]
[Site "San Francisco"]
[Date "2016.12.13"]
[Round "9.27"]
[White "Donaldson, Kyle Ga"]
[Black "Marcus, Joel"]
[Result "0-1"]
[WhiteElo "1453"]
[BlackElo "1883"]
[PlyCount "36"]
[EventDate "2016.??.??"]

1. d4 d5 2. e4 dxe4 3. Nc3 Nf6 4. f3 Bf5 5. Be3 e6 6. a3 Be7 7. g4 Bg6 8. Bg2
Nd5 9. Qd2 Bh4+ 10. Kd1 Nxe3+ 11. Qxe3 c5 12. d5 O-O 13. Qxc5 Na6 14. Qe3 exd5
15. Nge2 exf3 16. Bxf3 d4 17. Nxd4 Re8 18. Qg1 Re1+ 0-1

[Event "Mechanics' Spring TNM; G/2"]
[Site "San Francisco"]
[Date "2016.04.19"]
[Round "6.22"]
[White "Donaldson, Kyle Ga"]
[Black "Mays, Jerry L"]
[Result "0-1"]
[WhiteElo "1434"]
[BlackElo "1986"]
[PlyCount "56"]
[EventDate "2016.??.??"]

1. e4 e5 2. Nf3 Nc6 3. d4 exd4 4. Nxd4 d6 5. Bc4 Ne5 6. Bb3 Nf6 7. Nc3 Be7 8.
O-O O-O 9. f4 Bg4 10. Qe1 Ned7 11. e5 dxe5 12. fxe5 Bc5 13. Rf4 Re8 14. Qg3
Nxe5 15. Be3 Nc4 16. Bxc4 g5 17. Rxg4 Nxg4 18. Qxg4 Rxe3 19. Rd1 Qe7 20. h4 Rd8
21. Nd5 Re1+ 22. Kf2 Bxd4+ 23. Qxd4 Rxd5 24. Bxd5 Qe2+ 25. Kg3 Rxd1 26. Qc4
Qxc4 27. Bxc4 gxh4+ 28. Kxh4 Rd4+ 0-1

[Event "Mechanics' Fall TNM; G/2"]
[Site "San Francisco"]
[Date "2016.11.22"]
[Round "6.35"]
[White "Donaldson, Kyle Ga"]
[Black "Otterbach, Renate"]
[Result "1-0"]
[WhiteElo "1453"]
[BlackElo "991"]
[PlyCount "53"]
[EventDate "2016.??.??"]

1. e4 e6 2. d4 d5 3. Nc3 Nf6 4. e5 Nfd7 5. f4 Bb4 6. Bd2 c5 7. Nf3 Nc6 8. Nb5
O-O 9. Bxb4 Nxb4 10. c3 Nc6 11. Nd6 cxd4 12. cxd4 Qb6 13. Rb1 f6 14. Bd3 Kh8
15. Bc2 fxe5 16. fxe5 Rf4 17. Qd3 Nf8 18. O-O Bd7 19. Kh1 Nb4 20. Qd2 Rg4 21.
h3 Nxc2 22. hxg4 Nb4 23. Ng5 h6 24. Ngf7+ Kh7 25. Nxh6 gxh6 26. Rf7+ Kg8 27.
Qxh6 1-0

[Event "Mechanics' Winter TNM; G/2"]
[Site "San Francisco"]
[Date "2016.01.26"]
[Round "4.44"]
[White "Donaldson, Kyle Ga"]
[Black "Pintor, Mike"]
[Result "0-1"]
[WhiteElo "1479"]
[BlackElo "1339"]
[PlyCount "74"]
[EventDate "2016.??.??"]

1. e4 e5 2. Nf3 Nc6 3. Bb5 a6 4. Ba4 Nf6 5. O-O Be7 6. Re1 b5 7. Bb3 h6 8. c3
d6 9. d4 Bg4 10. dxe5 Nxe5 11. Nbd2 c5 12. a3 Qc7 13. Re3 Rd8 14. Qc2 c4 15.
Ba2 Nfd7 16. b3 Nb6 17. Nxe5 dxe5 18. Rg3 Be2 19. Rxg7 Bf6 20. Rg3 Ke7 21. a4
Qc5 22. b4 Qc8 23. a5 Na4 24. Bb2 Rhg8 25. Rxg8 Rxg8 26. Bxc4 Bxc4 27. Nxc4
Qxc4 28. Re1 Rd8 29. g3 Nxb2 30. Qxb2 Qd3 31. Qc1 Rc8 32. Re3 Qd7 33. Rf3 Bg5
34. Qb2 Qd1+ 35. Kg2 Rc4 36. h4 Bf6 37. Kh3 Qxf3 0-1

[Event "Mechanics' Alan Benson TNM; G/2"]
[Site "San Francisco"]
[Date "2016.09.13"]
[Round "7.27"]
[White "Donaldson, Kyle Ga"]
[Black "Royzen, Igor"]
[Result "0-1"]
[WhiteElo "1453"]
[BlackElo "1867"]
[Annotator "Winslow,Elliott"]
[PlyCount "44"]
[EventDate "2016.??.??"]

1. e4 c5 2. Nf3 Nc6 3. d4 cxd4 4. Nxd4 g6 5. Nc3 Bg7 6. Be3 Nf6 7. Bc4 O-O 8.
f3 $2 (8. Bb3) 8... Qb6 9. Bb3 Nxe4 10. Nd5 Qa5+ 11. Bd2 Nxd2 12. Nxc6 Nxf3+
13. Kf2 Qc5+ 14. Kxf3 dxc6 15. Ne3 Be6 16. c3 Rad8 17. Qe2 Bh6 18. Rae1 Bxb3
19. axb3 Bxe3 20. Qxe3 Qf5+ 21. Ke2 Rd6 22. Qxa7 Rfd8 0-1

[Event "Mechanics' Fall TNM; G/2"]
[Site "San Francisco"]
[Date "2016.11.15"]
[Round "5.39"]
[White "Donaldson, Kyle Ga"]
[Black "Valente, Marty J"]
[Result "1/2-1/2"]
[WhiteElo "1453"]
[BlackElo "1161"]
[PlyCount "98"]
[EventDate "2016.??.??"]

1. d4 d5 2. c4 e6 3. Nf3 Nf6 4. e3 Be7 5. Bd3 O-O 6. O-O b6 7. Nbd2 Bb7 8. Re1
Nbd7 9. cxd5 exd5 10. Qc2 c5 11. b3 Rc8 12. Qb1 h6 13. Bb2 Rc7 14. e4 dxe4 15.
Nxe4 Nxe4 16. Bxe4 Bxe4 17. Qxe4 Nf6 18. Qe2 Re8 19. Qb5 Qd7 20. Qxd7 Rxd7 21.
dxc5 Bxc5 22. Bxf6 Rxe1+ 23. Rxe1 gxf6 24. Kf1 Kf8 25. Rc1 Ke7 26. Ke2 Ke6 27.
Rc4 Kf5 28. b4 Be7 29. g4+ Kg6 30. Nh4+ Kh7 31. Nf5 Bf8 32. a3 Rb7 33. Rc6 Kg6
34. h4 a5 35. bxa5 bxa5 36. a4 Rb8 37. Kf3 h5 38. Ne3 hxg4+ 39. Nxg4 Bg7 40.
Ne5+ Kh5 41. Nxf7 Kxh4 42. Ra6 Rb3+ 43. Kg2 f5 44. Rxa5 f4 45. Rf5 Rb4 46. a5
Ra4 47. Kf3 Bc3 48. Rxf4+ Rxf4+ 49. Kxf4 Bxa5 1/2-1/2

[Event "Mechanics' Alan Benson TNM; G/2"]
[Site "San Francisco"]
[Date "2016.08.09"]
[Round "2.20"]
[White "Donaldson, Kyle Garrett"]
[Black "Hakobyan, Sos"]
[Result "0-1"]
[WhiteElo "1453"]
[BlackElo "1980"]
[PlyCount "72"]
[EventDate "2016.??.??"]

1. e4 e6 2. d4 d5 3. Nc3 Nf6 4. e5 Nfd7 5. Nf3 c5 6. Be2 Nc6 7. Be3 cxd4 8.
Bxd4 Nxd4 9. Qxd4 Bc5 10. Qg4 Qb6 11. O-O O-O 12. Na4 Qb4 13. Qxb4 Bxb4 14. Bd3
Nc5 15. Nxc5 Bxc5 16. Ng5 h6 17. Nh3 Bd4 18. c3 Bxe5 19. f4 Bd6 20. f5 e5 21.
f6 Bc5+ 22. Kh1 e4 23. fxg7 Kxg7 24. Bc2 f5 25. Nf4 d4 26. Nh5+ Kg6 27. Nf4+
Kg7 28. Nh5+ Kh8 29. Bxe4 fxe4 30. Rxf8+ Bxf8 31. Rf1 Bg4 32. Nf6 Be2 33. Re1
d3 34. Nxe4 Re8 35. Nd2 Bc5 36. Nf3 Bf2 0-1

[Event "Mechanics' Summer TNM; G/2"]
[Site "San Francisco"]
[Date "2016.06.14"]
[Round "4.16"]
[White "Donnelly, Patrick"]
[Black "Agdamag, Samuel"]
[Result "1-0"]
[WhiteElo "1729"]
[BlackElo "1480"]
[PlyCount "101"]
[EventDate "2016.??.??"]

1. d4 Nf6 2. c4 g6 3. Nc3 Bg7 4. e4 d6 5. Nf3 O-O 6. h3 Nc6 7. Be3 e5 8. Be2
Re8 9. d5 Ne7 10. O-O Nd7 11. g4 f5 12. gxf5 gxf5 13. exf5 Nxf5 14. Bg5 Nf6 15.
Ne4 h6 16. Bxf6 Bxf6 17. Kh2 Kf7 18. Rg1 Rg8 19. Qd2 Bd7 20. Rxg8 Qxg8 21. Rg1
Qh7 22. Bd3 Rg8 23. Rxg8 Qxg8 24. Nxf6 Kxf6 25. Bxf5 Bxf5 26. Qxh6+ Qg6 27.
Qf8+ Qf7 28. Qd8+ Qe7 29. Qxe7+ Kxe7 30. Nd2 Kf6 31. h4 Kg6 32. Kg3 Kh5 33. f3
Bd3 34. a3 a6 35. b4 b6 36. Kf2 Kxh4 37. Ke3 Bc2 38. Ne4 Bb3 39. Kd3 Bd1 40.
Ke3 Bb3 41. Nd2 Ba2 42. f4 Kg4 43. fxe5 dxe5 44. Ke4 Kg3 45. Kxe5 Kf2 46. Ne4+
Ke3 47. c5 bxc5 48. bxc5 Kd3 49. d6 cxd6+ 50. cxd6 Be6 51. Nc5+ 1-0

[Event "Mechanics' Summer TNM; G/2"]
[Site "San Francisco"]
[Date "2016.07.12"]
[Round "8.31"]
[White "Donnelly, Patrick"]
[Black "Allen, Tom Carter"]
[Result "1-0"]
[WhiteElo "1729"]
[BlackElo "1443"]
[PlyCount "113"]
[EventDate "2016.??.??"]

1. d4 Nf6 2. c4 e5 3. dxe5 Ng4 4. Nf3 Bc5 5. e3 Nc6 6. Be2 Ngxe5 7. O-O Nxf3+
8. Bxf3 Ne5 9. a3 Nxf3+ 10. Qxf3 O-O 11. b4 Be7 12. Bb2 d6 13. Nd2 Bf6 14. Bxf6
Qxf6 15. Qxf6 gxf6 16. Ne4 Kg7 17. Rad1 Re8 18. Nc3 Be6 19. Nd5 Rac8 20. Rc1 c6
21. Nf4 Bd7 22. Rfd1 d5 23. cxd5 cxd5 24. Nxd5 Rcd8 25. Nf4 a6 26. Rd6 Be6 27.
Rcd1 Rc8 28. h3 Bb3 29. R1d3 Bc2 30. Nh5+ Kf8 31. R3d4 f5 32. Nf6 Re6 33. Rxe6
fxe6 34. Nxh7+ Ke7 35. Ng5 Rc3 36. Rd2 Ba4 37. Ra2 Rc1+ 38. Kh2 Bb3 39. Rb2 Ba4
40. Kg3 Ra1 41. Kf4 Rxa3 42. h4 Kf6 43. Nf3 Be8 44. Ne5 Ra1 45. g3 Rd1 46. e4
fxe4 47. Ng4+ Kg6 48. Kxe4 Bc6+ 49. Ke3 Bb5 50. Rd2 Re1+ 51. Kf4 Rb1 52. Rd4
Rb2 53. f3 Rc2 54. Ne5+ Kf6 55. g4 Re2 56. g5+ Kg7 57. h5 1-0

[Event "Mechanics' Winter TNM; G/2"]
[Site "San Francisco"]
[Date "2016.02.09"]
[Round "6.32"]
[White "Donnelly, Patrick"]
[Black "Bannan, Frank"]
[Result "0-1"]
[WhiteElo "1539"]
[BlackElo "1921"]
[PlyCount "90"]
[EventDate "2016.??.??"]

1. c4 Nf6 2. Nf3 d6 3. g3 g6 4. Bg2 Bg7 5. O-O O-O 6. d4 c6 7. Nc3 Qc7 8. Bf4
Nh5 9. Be3 Nd7 10. Qd2 e5 11. Rac1 Qb8 12. Bh6 Re8 13. Ne4 d5 14. Bxg7 Nxg7 15.
cxd5 cxd5 16. Nc5 e4 17. Nxd7 Bxd7 18. Ne5 Be6 19. f3 f5 20. fxe4 fxe4 21. Rf6
Nh5 22. Rxe6 Rxe6 23. Bh3 Re8 24. g4 Ng7 25. g5 Qd6 26. Ng4 Nh5 27. Nh6+ Kg7
28. Qc3 Re7 29. e3 Rf8 30. Qe1 Rc7 31. Rc5 Rxc5 32. dxc5 Qxc5 33. b4 Qc4 34.
Qa1+ d4 35. exd4 Qd5 36. Be6 Qxg5+ 37. Ng4 Nf6 38. d5 h5 39. h4 Qxh4 40. Nh2 e3
41. Qe5 Qe1+ 42. Kg2 Qf2+ 43. Kh3 e2 44. Qc7+ Kh6 45. Qc1+ g5 0-1

[Event "Mechanics' Winter TNM; G/2"]
[Site "San Francisco"]
[Date "2016.01.26"]
[Round "4.48"]
[White "Donnelly, Patrick"]
[Black "Bayaraa, Bilguun"]
[Result "1-0"]
[WhiteElo "1539"]
[BlackElo "543"]
[PlyCount "43"]
[EventDate "2016.??.??"]

1. e4 e5 2. Nf3 Nc6 3. Bb5 Nf6 4. O-O d6 5. h3 Bd7 6. Re1 a6 7. Ba4 b5 8. Bb3
Na5 9. d4 Nc6 10. Ng5 Qe7 11. Nxf7 Be6 12. Bxe6 Qxe6 13. Nxh8 Qg8 14. dxe5 Nxe5
15. f4 Ned7 16. e5 Be7 17. exf6 gxf6 18. Qh5+ Kd8 19. Nf7+ Kc8 20. Rxe7 Qf8 {
Diagram #} 21. Nxd6+ cxd6 22. Re8+ 1-0

[Event "Mechanics' Summer TNM; G/2"]
[Site "San Francisco"]
[Date "2016.05.31"]
[Round "2.15"]
[White "Donnelly, Patrick"]
[Black "Bayaraa, Chinguun"]
[Result "0-1"]
[WhiteElo "1729"]
[BlackElo "1949"]
[PlyCount "100"]
[EventDate "2016.??.??"]

1. e4 c5 2. Nf3 d6 3. d4 cxd4 4. Nxd4 Nf6 5. Nc3 a6 6. Bg5 e6 7. Qf3 Be7 8.
O-O-O Qc7 9. Be2 Nbd7 10. Qg3 b5 11. a3 Bb7 12. Bf3 Rc8 13. Nb3 h6 14. Be3 g5
15. Rd2 g4 16. Bd1 Ne5 17. Bd4 Nh5 18. Qe3 Bg5 19. Qe1 Bxd2+ 20. Nxd2 Rg8 21.
Qe3 Nc4 22. Qxh6 e5 23. Nxc4 bxc4 24. Qxh5 exd4 25. Nd5 Bxd5 26. exd5 Qe7 27.
Bxg4 Rc5 28. Kd1 Qg5 29. Re1+ Kf8 30. Qxg5 Rxg5 31. Bf3 Rb5 32. Kc1 Re5 33.
Rxe5 dxe5 34. Be4 f5 35. Bxf5 Rxd5 36. Be4 Rc5 37. Kd1 Kg7 38. h4 Rb5 39. Kc1
Rb6 40. f3 Rd6 41. Kd2 Rb6 42. Bd5 Rxb2 43. Bxc4 a5 44. g4 Rb1 45. h5 Kh6 46.
Kd3 Re1 47. Bb3 Re3+ 48. Kc4 Rxf3 49. Ba4 Rxa3 50. Bd7 Rc3+ 0-1

[Event "Mechanics' Alan Benson TNM; G/2"]
[Site "San Francisco"]
[Date "2016.09.06"]
[Round "6.21"]
[White "Donnelly, Patrick"]
[Black "Chen, Mingson"]
[Result "0-1"]
[WhiteElo "1641"]
[BlackElo "1903"]
[PlyCount "86"]
[EventDate "2016.??.??"]

1. d4 Nf6 2. c4 c5 3. d5 b5 4. cxb5 a6 5. Nc3 axb5 6. Nxb5 Ba6 7. Nc3 d6 8. Nf3
g6 9. g3 Bg7 10. Bg2 Nbd7 11. O-O O-O 12. Re1 Qb6 13. e4 Ng4 14. Qc2 Rfb8 15.
Rb1 Nde5 16. Nxe5 Nxe5 17. Rd1 Qb4 18. a3 Qb3 19. Qxb3 Rxb3 20. Bf4 Nd3 21. Bf1
Nxb2 22. Na4 Bxf1 23. Nxb2 Be2 24. Re1 Ba6 25. e5 dxe5 26. Bxe5 Bxe5 27. Rxe5
Rab8 28. Rxe7 Rxb2 29. Rc1 Rb1 30. Rxb1 Rxb1+ 31. Kg2 Kf8 32. Rc7 Bb7 33. Rxc5
Rd1 34. Kh3 Rxd5 35. Rc7 Rd7 36. Rc4 Ke7 37. Kg4 Bd5 38. Rc3 h6 39. Kf4 Kd6 40.
g4 Re7 41. f3 Re2 42. h4 Rb2 43. Ke3 Rb3 0-1